000
00194 a2200097 4500
001
25336
100
_a
245
_a
Mishkat-Al-Masabih
260
_a
_b
Ashraf (Lah
_c
1963
090
_c
17100
_d
17100
942
_a
NUST-CAE
_c
_c
7893
999
_c
260409
_d
260409